[Event "Kolomna"]
[Site "Kolomna"]
[Date "2009.10.14"]
[Round "11"]
[White "Makushkin, Aleksandr"]
[Black "Fedorov, Aleksander"]
[Result "0-1"]
[WhiteElo "1740"]
[BlackElo "2167"]
[PlyCount "102"]
[EventDate "2009.09.27"]
[EventType "tourn"]
[EventRounds "11"]
[EventCountry "RUS"]
[SourceTitle "EXT 2010"]
[Source "ChessBase"]
[SourceDate "2010.11.25"]
[SourceVersion "1"]
[SourceVersionDate "2010.11.25"]
[SourceQuality "1"]

1. e4 c5 2. Nf3 d6 3. Bc4 e6 4. a3 Nc6 5. d3 Nf6 6. Nc3 Be7 7. h3 0-0 8. Bg5 a6 9. 0-0 b5 10. Ba2 b4 11. axb4 cxb4 12. Ne2 Bb7 13. Re1 a5 14. Ned4 Nxd4 15. Nxd4 Qb6 16. Be3 Qc7 17. Nf3 a4 18. Bf4 Rfc8 19. Bc4 a3 20. b3 Qa5 21. Ng5 h6 22. Nxe6 fxe6 23. Bxe6+ Kh8 24. Bxc8 Rxc8 25. Bg3 Nh5 26. Bh2 Qg5 27. Qe2 Nf4 28. Bxf4 Qxf4 29. g3 Qe5 30. c4 Qc3 31. Qe3 Rf8 32. Qa7 Qf6 33. Ra2 Bc8 34. h4 Qf3 35. Qe3 Qg4 36. h5 Qxh5 37. Qa7 Bf6 38. d4 Bg4 39. Re3 Bf3 40. Rxf3 Qxf3 41. e5 dxe5 42. dxe5 Bxe5 43. Kh2 Rf5 44. Qd7 Rh5+ 45. Qh3 Rxh3+ 46. Kxh3 Qxb3 47. Re2 Qc3 48. Re3 Qb2 49. f4 Bd4 50. Re8+ Kh7 51. Kg4 a2 0-1

[Event "Kolomna"]
[Site "Kolomna"]
[Date "2009.10.10"]
[Round "9"]
[White "Makushkin, Aleksandr"]
[Black "Vlasenkov, Mikhail"]
[Result "0-1"]
[WhiteElo "1740"]
[BlackElo "2022"]
[PlyCount "120"]
[EventDate "2009.09.27"]
[EventType "tourn"]
[EventRounds "11"]
[EventCountry "RUS"]
[SourceTitle "EXT 2010"]
[Source "ChessBase"]
[SourceDate "2010.11.25"]
[SourceVersion "1"]
[SourceVersionDate "2010.11.25"]
[SourceQuality "1"]

1. e4 e6 2. d4 d5 3. Nc3 Nf6 4. Bg5 Be7 5. Bxf6 Bxf6 6. e5 Be7 7. Bd3 c5 8. Bb5+ Bd7 9. Bxd7+ Nxd7 10. Nf3 cxd4 11. Nxd4 Nxe5 12. 0-0 0-0 13. Kh1 a6 14. a4 Rc8 15. Nf3 Nc4 16. Rb1 Bf6 17. Nd4 Qb6 18. Nde2 Qc7 19. g3 Rb8 20. Nf4 d4 21. Ne4 Qc6 22. Qd3 e5 23. Nh5 Be7 24. Kg1 f5 25. Nd2 Nxd2 26. Qxd2 g6 27. Nf4 exf4 28. Qxf4 Bf6 29. Rbc1 Rbe8 30. f3 Qxa4 31. c3 Qd7 32. Rcd1 g5 33. Qd2 Rd8 34. Qd3 Kg7 35. Qc4 Rf7 36. Rd3 b5 37. Qa2 Qa7 38. Kg2 dxc3 39. Rxd8 Bxd8 40. bxc3 Qb7 41. Qb2 g4 42. c4+ Bf6 43. Qb1 gxf3+ 44. Rxf3 Qe4 45. Qf1 bxc4 46. h3 c3 47. Kh2 Be5 48. Qd1 c2 49. Qf1 Qxf3 50. Qxf3 c1Q 51. h4 Qc2+ 52. Kh3 Qe4 53. Qf2 Qh1+ 54. Qh2 Qxh2+ 55. Kxh2 a5 56. Kh3 a4 57. h5 a3 58. Kh4 a2 59. Kg5 h6+ 60. Kh4 a1Q 0-1

[Event "Kolomna"]
[Site "Kolomna"]
[Date "2009.09.27"]
[Round "1"]
[White "Zasukhin, Valentin"]
[Black "Makushkin, Aleksandr"]
[Result "1/2-1/2"]
[WhiteElo "2016"]
[BlackElo "1740"]
[PlyCount "119"]
[EventDate "2009.09.27"]
[EventType "tourn"]
[EventRounds "11"]
[EventCountry "RUS"]
[SourceTitle "EXT 2010"]
[Source "ChessBase"]
[SourceDate "2010.11.25"]
[SourceVersion "1"]
[SourceVersionDate "2010.11.25"]
[SourceQuality "1"]

1. e4 c5 2. Nc3 Nc6 3. Nf3 d6 4. d4 cxd4 5. Nxd4 Nf6 6. Bc4 e6 7. Bg5 h6 8. Bh4 Be7 9. 0-0 Qc7 10. Bb3 a6 11. f3 0-0 12. Bf2 Nxd4 13. Qxd4 e5 14. Qb6 Bd8 15. Qxc7 Bxc7 16. Nd5 Nxd5 17. Bxd5 Kh8 18. b3 a5 19. c4 Bb8 20. a3 Ba7 21. Bxa7 Rxa7 22. Rfd1 f5 23. b4 fxe4 24. Bxe4 Be6 25. Rac1 axb4 26. axb4 Rd8 27. c5 d5 28. b5 Ra5 29. Bd3 Ra4 30. Re1 Rd4 31. Rxe5 Rxd3 32. Rxe6 Ra8 33. c6 bxc6 34. bxc6 Ra2 35. Rg6 Kh7 36. Rg4 Ra8 37. c7 Rc8 38. Rb4 Re3 39. Rb8 Ree8 40. Rxc8 Rxc8 41. Kf2 Kg6 42. Ke3 Kf5 43. Kd4 Ke6 44. Rc6+ Ke7 45. Kxd5 Kd7 46. f4 Ke7 47. g4 g5 48. f5 h5 49. gxh5 g4 50. Ke5 Kd7 51. Rc3 Ke7 52. f6+ Kf7 53. Rc6 Rg8 54. c8Q Rxc8 55. Rb6 Rc5+ 56. Kf4 Rxh5 57. Rb2 Kxf6 58. Kxg4 Rg5+ 59. Kh4 Rg8 60. Rf2+ 1/2-1/2

[Event "Kolomna-ch sf-B 58th"]
[Site "Kolomna"]
[Date "2007.10.24"]
[Round "5"]
[White "Chernyshov, Aleksandr"]
[Black "Makushkin, Aleksandr"]
[Result "1-0"]
[WhiteElo "2142"]
[BlackElo "1770"]
[PlyCount "85"]
[EventDate "2007.10.10"]
[EventType "tourn"]
[EventRounds "9"]
[EventCountry "RUS"]
[SourceTitle "EXT 2022"]
[Source "ChessBase"]
[SourceDate "2021.10.06"]
[SourceVersion "1"]
[SourceVersionDate "2021.10.06"]
[SourceQuality "1"]

1. e4 c5 2. f4 Nc6 3. c3 e6 4. Nf3 h6 5. d4 cxd4 6. cxd4 Bb4+ 7. Nc3 d5 8. e5 a6 9. Bd3 Nge7 10. 0-0 Ba5 11. a3 b5 12. Be3 Bb6 13. b4 Nf5 14. Bxf5 exf5 15. Rc1 0-0 16. Qb3 Be6 17. Nxb5 Nxb4 18. Nd6 a5 19. axb4 a4 20. Qa3 Qb8 21. Qd3 Bd7 22. Nxf5 Bxf5 23. Qxf5 a3 24. e6 Qd6 25. exf7+ Rxf7 26. Qb1 a2 27. Qb2 Rfa7 28. Ne5 a1Q 29. Rxa1 Rxa1 30. Rxa1 Rxa1+ 31. Qxa1 Qxb4 32. Kf2 Qb3 33. Qc1 Qa2+ 34. Kf3 Qb3 35. Qc8+ Kh7 36. Qf5+ Kg8 37. Qd3 Qa4 38. f5 Qe8 39. g4 h5 40. g5 h4 41. Kg4 h3 42. Qb3 Qd8 43. Nc6 1-0

[Event "Kolomna-ch sf-B 58th"]
[Site "Kolomna"]
[Date "2007.10.21"]
[Round "4"]
[White "Makushkin, Aleksandr"]
[Black "Kovpak, Igor"]
[Result "1/2-1/2"]
[WhiteElo "1770"]
[BlackElo "1991"]
[PlyCount "152"]
[EventDate "2007.10.10"]
[EventType "tourn"]
[EventRounds "9"]
[EventCountry "RUS"]
[SourceTitle "EXT 2022"]
[Source "ChessBase"]
[SourceDate "2021.10.06"]
[SourceVersion "1"]
[SourceVersionDate "2021.10.06"]
[SourceQuality "1"]

1. e4 c6 2. e5 d5 3. d4 Bf5 4. a3 e6 5. h3 Nd7 6. Bd3 Bxd3 7. Qxd3 c5 8. c3 Qb6 9. Nf3 c4 10. Qd1 h6 11. 0-0 0-0-0 12. Nbd2 f6 13. b4 Ne7 14. a4 Ng6 15. a5 Qc7 16. Qc2 Nf4 17. Nb1 Nd3 18. Na3 fxe5 19. dxe5 N7xe5 20. Nxe5 Qxe5 21. Be3 Bd6 22. g3 Bb8 23. Nb5 a6 24. Nd4 Rdf8 25. Qe2 g5 26. Qg4 Rf5 27. Nxf5 exf5 28. Qd4 f4 29. Qxe5 Bxe5 30. Bd4 Bxd4 31. cxd4 Nxb4 32. Rfd1 Nd3 33. Ra3 Re8 34. Raxd3 cxd3 35. Rxd3 fxg3 36. fxg3 Re1+ 37. Kf2 Ra1 38. Rc3+ Kd7 39. Rc5 Kd6 40. Rc8 Ra4 41. Rh8 Rxd4 42. Rxh6+ Kc5 43. Rh7 Rb4 44. Rg7 Rb5 45. Rxg5 Rxa5 46. h4 Kd4 47. h5 Ra2+ 48. Kf3 b5 49. Rg6 b4 50. Rb6 a5 51. h6 Rh2 52. g4 Kc5 53. Ra6 a4 54. Kg3 Rh1 55. g5 a3 56. Ra7 d4 57. h7 a2 58. g6 a1Q 59. Rxa1 Rxa1 60. h8Q Rg1+ 61. Kf4 Rb1 62. Kg5 Rg1+ 63. Kf6 Rf1+ 64. Ke7 Re1+ 65. Kd7 b3 66. Qc8+ Kb4 67. g7 Rg1 68. Qb8+ Kc3 69. g8Q Rxg8 70. Qxg8 b2 71. Qc8+ Kd2 72. Qb8 Kc2 73. Qc7+ Kd3 74. Qb6 Kc3 75. Qc5+ Kb3 76. Qb5+ Kc2 1/2-1/2